Linear algebra and its applicatios / (Record no. 3189)
[ view plain ]
| 000 -LEADER | |
|---|---|
| fixed length control field | 00584nam a22002052 4500 |
| 001 - CONTROL NUMBER | |
| control field | 0000007391 |
| 005 - DATE AND TIME OF LATEST TRANSACTION | |
| control field | 20151217145837.0 |
| 008 - FIXED-LENGTH DATA ELEMENTS--GENERAL INFORMATION | |
| fixed length control field | 080122s xx 000 0 eng d |
| 020 ## - INTERNATIONAL STANDARD BOOK NUMBER | |
| International Standard Book Number | 0321314859 : |
| Terms of availability | KES 4455 |
| 040 ## - CATALOGING SOURCE | |
| Original cataloging agency | KABU |
| Transcribing agency | KABU |
| 100 1# - MAIN ENTRY--PERSONAL NAME | |
| Personal name | Lay, David C. |
| -- | 0000158624 |
| 245 10 - TITLE STATEMENT | |
| Title | Linear algebra and its applicatios / |
| Statement of responsibility, etc. | David C. Lay. |
| 250 ## - EDITION STATEMENT | |
| Edition statement | 3rd ed. |
| 260 ## - PUBLICATION, DISTRIBUTION, ETC. (IMPRINT) | |
| Place of publication, distribution, etc. | London : |
| Name of publisher, distributor, etc. | Pearson, |
| Date of publication, distribution, etc. | 2006. |
| 300 ## - PHYSICAL DESCRIPTION | |
| Extent | 576 p. + |
| Accompanying material | 1 CD. |
| 650 #0 - SUBJECT ADDED ENTRY--TOPICAL TERM | |
| Topical term or geographic name as entry element | Algebras, Linear. |
| -- | 0000154658 |
| 908 ## - PUT COMMAND PARAMETER (RLIN) | |
| Put command parameter | 080122 |
| 950 ## - LOCAL HOLDINGS (RLIN) | |
| -- | 1 |
| Withdrawn status | Lost status | Source of classification or shelving scheme | Not for loan | Home library | Current library | Date acquired | Total Checkouts | Total Renewals | Full call number | Barcode | Date last seen | Date last checked out | Price effective from | Koha item type |
|---|---|---|---|---|---|---|---|---|---|---|---|---|---|---|
| Library of Congress Classification | Kabarak, Main Campus | Kabarak, Main Campus | 17/12/2015 | 26 | 4 | QA184.2 .L39 2006 | 011951 | 07/02/2024 | 22/01/2024 | 17/12/2015 | General Collection |